01013nam a2200217 a 450000100100000000500170001000800410002702000180006804000250008608200160011110000410012724500750016826001080024330000280035149000260037950400680040550001580047383000330063195201140066499900170077800003560320200930074451.0111105s2010 bl a 000 0 spa d a9788576172017 aDO-SdBNPbspacBNPHU axxxxbC355m1 aCastro, Maurício Barros de,96150810aMestre Joao Grande :bna roda do mundo /cMaurício Barros de Castro. aRio de Janeiro, Brasil :bMinistério da Cultura, Fundação Biblioteca Nacional :bGaramond,c2010. a151 p. :bil. ;c21 cm.1 aPersonalidades negras aIncluye referencias bibliográficas y notas a pie de página. aOriginalmente presentado como trabajo de tesis para optar por el grado de Doctor en Letras, Filosofía y Ciencias Humanas da Universidad de São Paulo. 0aPersonalidades negras959292 001050718MOaGRbGRcCTd2011-11-05iLF1l0oxxxx C355mp35603-10r2020-06-25w2020-06-25y1ZNo se presta c35094d35094